John Fitzgerald Kennedy / (Registro nro. 10416)

Detalles MARC
000 -LIDER
fixed length control field 00782nam a22002537a 4500
001 - NÚMERO DE CONTROL
Identificador de número de control 1245
003 - IDENTIFICACDOR DE NÚMERO DE CONTROL
control field DO-SdBPM
005 - DATE AND TIME OF LATEST TRANSACTION
control field 20250606124832.0
007 - CAMPOS FIJOS DE DESCRIPCIÓN FÍSICA
fixed length control field 1245
008 - ELEMENTOS DE LONGITUD FIJA
fixed length control field 160616b 2005 mx | | 00| 0 spa d
020 ## - ISBN
International Standard Book Number 968151887X
040 ## - FUENTE DE CATALOGACIÓN
Agencia que crea de manera original el registro DO-SdBPM
Idioma de catalogación spa
Agencia que realiza la transcripción BPMSU
082 #4 - NÚMERO DE CLASIFICACIÓN DECIMAL DE DEWEY
Classification number 923.173
Item number K35G 2005
Edition number 22
100 1# - ASIENTO PRINCIPAL -- NOMBRE PERSONAL
Nombre personal González, Jesús Gabriel
245 10 - MENCIÓN DE TITULO
Título John Fitzgerald Kennedy /
Mención de responsabilidad Jesús Gabriel González
260 ## - PUBLICACIÓN, DISTRIBUCIÓN, ETC. (PIE DE IMPRENTA)
Lugar de publicación, distribución, etc México :
Nombre del editor, distribuidor, etc. Editores Mexicanos Unidos,
Fecha de publicación, distribución, etc 2005
300 ## - DESCRIPCIÓN FÍSICA
Extensión 92 p. :
Otros detalles físicos il., retrs.
Dimensiones 23 cm.
490 0# - MENCIÓN DE SERIES
Mención de serie Personajes de la historia
590 ## - NOTA LOCAL
Texto de la nota local Inventariado, 2025/VM
600 14 - ENCABEZAMIENTO DE MATERIA--NOMBRE PERSONAL
Nombre personal Kennedy, John Fitzgerald,
Fechas asociadas con el nombre 1917-1963
Subdivisión de forma Biografías
650 #4 - ENCABEZAMIENTO DE MATERIA--TEMÁTICO
Término temático o nombre geográfico como elemento de entrada Estadistas estadounidenses.
910 ## - VALIDACIÓN
Validación VMateo V. Control de calidad. BPMSU
942 ## - ADDED ENTRY ELEMENTS (KOHA)
Source of classification or shelving scheme Dewey Decimal Classification
Koha item type Libros
Existencias
Withdrawn status Lost status Source of classification or shelving scheme Damaged status Not for loan Collection code Home library Current library Date acquired Source of acquisition Total Checkouts Full call number Barcode Date last seen Price effective from Koha item type
    Dewey Decimal Classification     Colección General Biblioteca Pública Metropolitana Salomé Ureña Biblioteca Pública Metropolitana Salomé Ureña 06/16/2016 Maritza Báez   BPMSU CG 923.173 K35G 2005 BPMSU16060222 06/16/2016 06/16/2016 Libros